Normal view
MARC view
- التربية البدنية - تسويف - التربية الرياضبة - ادارة - الالعاب الرياضية - ادارة - العلامات التجارية - مصر
Entry Topical Term
001 - CONTROL NUMBER
- control field: 34356
003 - CONTROL NUMBER IDENTIFIER
- control field: JO-AjAnu
005 - DATE AND TIME OF LATEST TRANSACTION
- control field: 20230606075745.0
008 - FIXED-LENGTH DATA ELEMENTS
- fixed length control field: 230606|| aca||aabn | a|a d
040 ## - CATALOGING SOURCE
- Original cataloging agency: JO-AjAnu
- Transcribing agency: JO-AjAnu
150 ## - HEADING--TOPICAL TERM
- Topical term or geographic name entry element: التربية البدنية - تسويف - التربية الرياضبة - ادارة - الالعاب الرياضية - ادارة - العلامات التجارية - مصر
670 ## - SOURCE DATA FOUND
- Source citation: Work cat.: (JO-AjAnu)17647: علم الدين، دعاء محمد عابدين محمد, author 34355, استثمار العلامات التجارية في تسويق الأنشطة الرياضية